Exploring probability and statistics with spreadsheets

Αποθηκεύτηκε σε:
Λεπτομέρειες βιβλιογραφικής εγγραφής
Κύριος συγγραφέας: Jackson, R.
Άλλοι συγγραφείς: Callender, J. T. (John T.)
Μορφή: Βιβλίο
Γλώσσα:English
Δημοσίευση: New York : Prentice-Hall, 1995
Θέματα:
Ετικέτες: Προσθήκη ετικέτας
Δεν υπάρχουν, Καταχωρήστε ετικέτα πρώτοι!

MARC

LEADER 00000nam a2200000 i 4500
001 1/5296
008 000602s1995 eng d
020 |a 0-13-309659-9 
035 |l 10061533 
040 |a GR-MY-UA  |b gre  |e aacr 
041 0 |a eng 
082 0 |a 519.5078 
100 1 |a Jackson, R. 
245 1 0 |a Exploring probability and statistics with spreadsheets /  |c R. Jackson and J.T. Callender 
260 |a New York :   |b Prentice-Hall,   |c 1995 
300 |a vii, 236 p.;  |b ill.;  |c 24 cm. 
504 |a Includes bibliographical references and index 
650 0 0 |a Probabilities  |x Data processing. 
650 0 0 |a Statistics  |x Data processing. 
650 0 0 |a Electronic spreadsheets. 
700 1 |a Callender, J. T.  |q (John T.) 
852 |a INST  |b SAMOS  |e 20000602  |h 519.5078 JAC  |p 005300019713  |q 005300019713  |t BK  |y 0 
901 |a BIBL3-2000-2 
909 |a Σ  |b 078794 
922 |a 3ΕΛΗ  |b 200005  |c ΚΠΣ  |d ΠΑΠΑΣΩΤΗΡΙΟΥ 
950 |a 116-1999-12-31 
970 |a ΜΑΛΑΓΑΡΗ  |b ΦΩΤΕΙΝΗ  |z 2000/07/26